[Event "ICS Rated blitz match"]
[Site "207.99.83.229"]
[Date "1999.07.22"]
[Round "?"]
[White "TDChess"]
[Black "Hossa"]
[Result "1-0"]
[WhiteElo "2496"]
[BlackElo "2401"]
[PlyCount "104"]
[EventDate "1999.??.??"]

1. e3 Nc6 2. d4 e5 3. d5 Nce7 4. e4 f5 5. Qh5+ g6 6. Qh4 Bg7 7. exf5 Nf6 8.
fxg6 hxg6 9. Qg3 d6 10. Nc3 Bf5 11. Bd3 Qd7 12. Bg5 Nexd5 13. Bb5 c6 14. Nxd5
Nxd5 15. Ba4 Nb4 16. Qc3 Rh5 17. h4 Nd5 18. Qb3 Ne7 19. Qe3 Qe6 20. Bb3 d5 21.
O-O-O Bf6 22. Bxf6 Qxf6 23. f3 Be6 24. g4 Rxh4 25. Rxh4 Qxh4 26. Qxe5 Bd7 27.
Qc7 Bc8 28. Kb1 a5 29. a4 b5 30. axb5 a4 31. Ba2 a3 32. b6 Qf6 33. bxa3 Qc3 34.
b7 Bxb7 35. Qxb7 Qxa3 36. Qb2 Qa5 37. Nh3 Ng8 38. Nf4 Ne7 39. Nd3 Qa4 40. Rh1
Qa5 41. Rh8+ Kf7 42. Rh7+ Ke8 43. Qh8+ Kd7 44. Ne5+ Ke6 45. Rxe7+ Kxe7 46.
Nxc6+ Kd7 47. Nxa5 Rxh8 48. Bxd5 Kd6 49. c4 Rh2 50. Nb7+ Ke5 51. Be4 g5 52. c5
52... Kd4 {Hossa resigns} 1-0

[Event "ICS Rated blitz match"]
[Site "207.99.83.229"]
[Date "1999.07.22"]
[Round "?"]
[White "topolino"]
[Black "Hossa"]
[Result "1-0"]
[WhiteElo "2490"]
[BlackElo "2389"]
[PlyCount "158"]
[EventDate "1999.??.??"]

1. d4 d5 2. c4 e6 3. cxd5 exd5 4. Nc3 Nf6 5. Nf3 c6 6. Bg5 Bf5 7. Nh4 Bg4 8.
Qb3 b6 9. Qc2 Be7 10. Nf5 Bxf5 11. Qxf5 Qd7 12. Qxd7+ Nbxd7 13. Bd2 Rd8 14. f3
c5 15. dxc5 Nxc5 16. e3 O-O 17. Nb5 Ra8 18. Rc1 a6 19. Nd4 Rfe8 20. Nf5 Bf8 21.
Be2 g6 22. Nd4 Bg7 23. b4 Ne6 24. Nb3 b5 25. O-O Nf4 26. Bd1 Nd3 27. Rc2 Rab8
28. Be2 Nf4 29. Bxb5 axb5 30. exf4 Rbc8 31. Rc5 Ra8 32. Na5 Rac8 33. Rfc1 Rb8
34. f5 Rb6 35. Bg5 Bf8 36. Rc6 Rxc6 37. Nxc6 Nd7 38. Rd1 Ne5 39. Na7 Bxb4 40.
Rxd5 Nd3 41. Rxd3 Bc5+ 42. Kf1 Bxa7 43. Rd5 b4 44. Bd2 Rb8 45. f6 h5 46. h3 Rb7
47. f4 Kh7 48. Re5 Rd7 49. Re7 Rxd2 50. Rxf7+ Kh6 51. Rxa7 Rd4 52. g3 Rd1+ 53.
Ke2 Rd6 54. g4 g5 55. f7 Rd8 56. fxg5+ Kxg5 57. gxh5 Kxh5 58. Rb7 Kg6 59. Ke3
Kf6 60. h4 Kg7 61. Rxb4 Kxf7 62. a4 Rd5 63. Rb5 Rd1 64. a5 Rh1 65. h5 Kf6 66.
a6 Kg7 67. Ra5 Rh3+ 68. Kf4 Rh4+ 69. Kg5 Rh1 70. a7 Rg1+ 71. Kh4 Rh1+ 72. Kg3
Rg1+ 73. Kf2 Rd1 74. a8=Q Rd2+ 75. Ke3 Rc2 76. Qb7+ Kf6 77. Qb6+ Kf7 78. Ra7+
Rc7 79. Rxc7+ 79... Kf8 {Hossa resigns} 1-0

[Event "ICS Rated standard match"]
[Site "207.99.83.229"]
[Date "1999.07.22"]
[Round "?"]
[White "TDChess"]
[Black "Hossa"]
[Result "0-1"]
[WhiteElo "2227"]
[BlackElo "2193"]
[PlyCount "104"]
[EventDate "1999.??.??"]

1. e3 g6 2. c3 e5 3. Qa4 Bg7 4. Nf3 Nc6 5. Be2 d5 6. O-O e4 7. Nd4 Nge7 8. Nxc6
Nxc6 9. c4 d4 10. exd4 Qxd4 11. Nc3 O-O 12. Qb3 Rd8 13. Nd5 Qe5 14. Qg3 Nd4 15.
Bd1 Qxg3 16. hxg3 Be6 17. Nxc7 Bxc4 18. Nxa8 Bxf1 19. Kxf1 Rxa8 20. Rb1 h5 21.
b4 Rc8 22. Bb2 Rc4 23. a3 Rc8 24. Ba4 Nc2 25. Bxg7 Kxg7 26. Bxc2 Rxc2 27. Rd1
Ra2 28. d3 Rxa3 29. dxe4 Rb3 30. Rd4 b6 31. e5 g5 32. g4 h4 33. Ke2 a6 34. f3
Rb2+ 35. Kf1 Kf8 36. Kg1 Ke7 37. Kh2 Rb3 38. Rc4 a5 39. bxa5 bxa5 40. Rc7+ Ke6
41. Rc6+ Kd5 42. Rc7 a4 43. Rxf7 a3 44. Rg7 a2 45. Ra7 Rb2 46. Ra5+ Ke6 47. Ra3
Kxe5 48. Ra4 Re2 49. Ra6 Kd4 50. Ra3 Kc4 51. Kh3 Re1 52. g3 52... a1=Q {
TDChess resigns} 0-1

[Event "ICS Rated blitz match"]
[Site "207.99.83.229"]
[Date "1999.07.22"]
[Round "?"]
[White "Hossa"]
[Black "topolino"]
[Result "0-1"]
[WhiteElo "2378"]
[BlackElo "2501"]
[PlyCount "200"]
[EventDate "1999.??.??"]

1. d4 d5 2. c4 dxc4 3. e4 e5 4. Nf3 exd4 5. Bxc4 Bb4+ 6. Nbd2 Nc6 7. O-O Nf6 8.
e5 Nd5 9. Nb3 Nb6 10. Bg5 Be7 11. Bxe7 Nxe7 12. Bd3 Bg4 13. Nbxd4 Ned5 14. h3
Bh5 15. Qb3 O-O 16. Be4 c5 17. Nf5 c4 18. Qa3 Bg6 19. Rad1 Bxf5 20. Bxf5 Qc7
21. Qa5 Rfd8 22. Be4 c3 23. Bxd5 c2 24. Bxf7+ Qxf7 25. Rc1 Qc4 26. Qc3 Rac8 27.
Rxc2 Qd5 28. Rd2 Rxc3 29. Rxd5 Nxd5 30. bxc3 Nxc3 31. a3 Rd5 32. e6 Kf8 33. Re1
Ke7 34. Kh2 Na4 35. Ne5 Nc5 36. f4 Nxe6 37. f5 Nd4 38. Nc6+ Kf6 39. Nxd4 Rxd4
40. Re6+ Kf7 41. Re5 b6 42. Re3 h5 43. Rf3 Kf6 44. Kg1 Rd5 45. g4 hxg4 46. hxg4
Rd4 47. Rg3 Kg5 48. Kf2 Rxg4 49. Rd3 Kxf5 50. Ke2 g5 51. Rd5+ Ke6 52. Rd8 Re4+
53. Kf2 Ra4 54. Rd3 g4 55. Kg3 Ke5 56. Rb3 Kf5 57. Rb5+ Ke6 58. Rb3 Kf6 59. Kh4
Rf4 60. Rb1 Kf5 61. Rb5+ Ke6 62. Rg5 Ra4 63. Rg7 Ke5 64. Rg5+ Kf6 65. Rxg4 Rxa3
66. Rb4 Rd3 67. Kg4 Ke5 68. Rb1 Rd4+ 69. Kg3 Rc4 70. Ra1 a5 71. Rb1 Rb4 72.
Re1+ Kd5 73. Rd1+ Rd4 74. Rb1 Kc5 75. Kf2 b5 76. Ke3 Rh4 77. Rc1+ Kd5 78. Rb1
Kc5 79. Rc1+ Kd6 80. Rb1 b4 81. Ra1 Rh5 82. Kd3 Rd5+ 83. Kc4 Rc5+ 84. Kb3 Kc6
85. Ka4 Rc3 86. Ra2 Kc5 87. Ra1 Kc4 88. Ra2 Kc5 89. Ra1 Kb6 90. Ra2 Kc6 91. Ra1
Kc5 92. Kxa5 Ra3+ 93. Rxa3 bxa3 94. Ka4 a2 95. Ka3 a1=Q+ 96. Kb3 Kd5 97. Kc2
Kd4 98. Kb3 Qb1+ 99. Ka3 Kc3 100. Ka4 100... Qb4# {Hossa checkmated} 0-1

[Event "ICS Rated blitz match"]
[Site "207.99.83.229"]
[Date "1999.07.22"]
[Round "?"]
[White "MissSilicon"]
[Black "Hossa"]
[Result "1/2-1/2"]
[WhiteElo "2627"]
[BlackElo "2367"]
[PlyCount "238"]
[EventDate "1999.??.??"]

1. d4 d5 2. c4 e6 3. Nc3 Nf6 4. Bg5 c6 5. Nf3 Nbd7 6. e3 Bd6 7. c5 Bc7 8. Bd3
b6 9. Qa4 Bb7 10. Qb3 O-O 11. O-O h6 12. Bh4 Rb8 13. cxb6 axb6 14. e4 c5 15.
exd5 cxd4 16. Bxf6 Nxf6 17. Nxd4 exd5 18. Ncb5 Bf4 19. g3 Be5 20. Nf3 Nd7 21.
Nxe5 Nxe5 22. Be2 Rc8 23. Rfd1 Re8 24. f4 Nd7 25. Bg4 Nc5 26. Qb4 Rc6 27. Re1
Nd3 28. Rxe8+ Qxe8 29. Qd2 Rg6 30. Qxd3 Rxg4 31. Nd6 Qe7 32. Nxb7 Qxb7 33. Rd1
Qe7 34. Qxd5 Kh7 35. Kf2 Rg6 36. f5 Rf6 37. Rd4 Qe8 38. g4 Qc8 39. h3 Qc1 40.
Rd2 Rc6 41. Qd3 Rf6 42. Kg2 Qa1 43. Qc4 h5 44. Qd5 hxg4 45. hxg4 Qe1 46. g5 Rc6
47. Qd3 Rc4 48. Qxc4 Qxd2+ 49. Kf3 Qxg5 50. Qxf7 Qg1 51. Qb3 Qf1+ 52. Ke4 Qh1+
53. Ke5 Qc6 54. Qh3+ Kg8 55. Qa3 Qb5+ 56. Kf4 Qf1+ 57. Ke4 Qc4+ 58. Ke3 Qc1+
59. Kd4 Qf4+ 60. Kd5 Qxf5+ 61. Kc6 Qe6+ 62. Kb5 g5 63. Qa8+ Kf7 64. Qa7+ Kf6
65. Qa3 g4 66. b4 Qd6 67. Qa8 Kf5 68. a4 g3 69. Qf3+ Qf4 70. Qd3+ Kg5 71. Qd8+
Qf6 72. Qc7 Kg4 73. Qc4+ Kh3 74. Qc8+ Kh2 75. Qc7 Qd4 76. Qh7+ Kg1 77. Qb1+ Kf2
78. Qf5+ Ke1 79. Qf3 Qf2 80. Qc3+ Kf1 81. Qa1+ Kg2 82. Kc6 Qd2 83. Kb5 Qd6 84.
Qb2+ Kf3 85. Qb3+ Kf4 86. Qf7+ Ke3 87. Qa2 Qb8 88. Qb3+ Ke2 89. Qc2+ Kf1 90.
Qc1+ Kg2 91. Qe3 Qb7 92. Qe2+ Kh3 93. Qh5+ Kg2 94. Qg4 Qf3 95. Qd4 Qb7 96. Qd6
Kh3 97. Qe6+ Kh2 98. Qh6+ Kg1 99. Qe3+ Kh2 100. Qd4 Kh3 101. Qh8+ Kg2 102. Qd8
Kf2 103. Qf6+ Ke1 104. Qe5+ Kf2 105. Qf4+ Qf3 106. Qd4+ Qe3 107. Qf6+ Ke2 108.
Qg7 Kf3 109. Qf7+ Kg2 110. Qg6 Kf1 111. Qf6+ Kg1 112. Qa1+ Kg2 113. Ka6 Qe6
114. Qb2+ Kh3 115. Qh8+ Kg4 116. Qd4+ Kf3 117. Qc3+ Kf2 118. Qd4+ Ke2 119. Qb2+
119... Kf3 {Game drawn by the 50 move rule} 1/2-1/2

[Event "ICS Rated blitz match"]
[Site "207.99.83.229"]
[Date "1999.07.22"]
[Round "?"]
[White "Hossa"]
[Black "mundilfari"]
[Result "0-1"]
[WhiteElo "2377"]
[BlackElo "2765"]
[PlyCount "67"]
[EventDate "1999.??.??"]

1. d4 d5 2. c4 e6 3. Nc3 Nf6 4. cxd5 Nxd5 5. e4 Nxc3 6. bxc3 c5 7. Nf3 cxd4 8.
cxd4 Be7 9. Bb5+ Bd7 10. Rb1 O-O 11. Bxd7 Qxd7 12. Ne5 Qc7 13. O-O Nc6 14. Qc2
Rfd8 15. Nxc6 bxc6 16. Bb2 Rac8 17. Rfc1 Qf4 18. Qe2 c5 19. Qe3 Qxe3 20. fxe3
Bg5 21. Re1 cxd4 22. Bxd4 Rc2 23. Rb7 a6 24. Rf1 f6 25. Rf2 Rc1+ 26. Rf1 Rxd4
27. Rxc1 Bxe3+ 28. Kf1 Bxc1 29. Rc7 Bf4 30. Rc6 Bxh2 31. Rxa6 Rxe4 32. Kf2 Rf4+
33. Ke2 e5 34. a4 {Hossa resigns} 0-1

[Event "ICS Rated blitz match"]
[Site "207.99.83.229"]
[Date "1999.07.22"]
[Round "?"]
[White "MissSilicon"]
[Black "Hossa"]
[Result "1/2-1/2"]
[WhiteElo "2628"]
[BlackElo "2374"]
[PlyCount "122"]
[EventDate "1999.??.??"]

1. c4 e5 2. Nc3 Nf6 3. Nf3 Nc6 4. d4 exd4 5. Nxd4 Nxd4 6. Qxd4 Be7 7. e4 O-O 8.
e5 Ne8 9. Nd5 f6 10. Be3 fxe5 11. Qxe5 Bd6 12. Qd4 c6 13. c5 Bb8 14. Nb4 d5 15.
O-O-O Nc7 16. Qd2 Ne6 17. Bd3 a5 18. Nc2 Qe7 19. Qc3 Bf4 20. Bxf4 Nxf4 21. Bf1
Ne6 22. f3 Nxc5 23. Re1 Be6 24. Nd4 Rfe8 25. Qc2 Rad8 26. g3 Qd6 27. Qd2 a4 28.
Nxe6 Nxe6 29. Bd3 a3 30. Bf5 axb2+ 31. Qxb2 Nc5 32. Qd4 Rf8 33. Bg4 Ra8 34. f4
Rxa2 35. Re3 Rfa8 36. Bd1 Ne6 37. Qe5 Qc5+ 38. Qc3 Rf2 39. Kb1 Qb5+ 40. Bb3 Ra3
41. Qd3 Qb6 42. Rhe1 Rxh2 43. g4 h6 44. g5 h5 45. g6 Nf8 46. f5 Qb4 47. Qc3 Qb5
48. Kc1 Qc5 49. Kb1 Qxc3 50. Rxc3 Ra5 51. Re7 Rb5 52. Rce3 Rf2 53. Rf7 b6 54.
Re8 Rxb3+ 55. Ka1 Ra3+ 56. Kb1 Rb3+ 57. Kc1 Rc3+ 58. Kd1 Rd3+ 59. Kc1 Rc3+ 60.
Kd1 Rd3+ 61. Kc1 61... Rc3+ {Game drawn by repetition} 1/2-1/2

[Event "ICS Rated blitz match"]
[Site "207.99.83.229"]
[Date "1999.07.22"]
[Round "?"]
[White "Hossa"]
[Black "MissSilicon"]
[Result "0-1"]
[WhiteElo "2384"]
[BlackElo "2618"]
[PlyCount "75"]
[EventDate "1999.??.??"]

1. d4 Nf6 2. c4 e5 3. d5 Bc5 4. e3 d6 5. Bd3 Na6 6. e4 Ng4 7. Nh3 O-O 8. O-O h5
9. Bg5 f6 10. Bc1 c6 11. Qe2 Nb4 12. Kh1 cxd5 13. exd5 Nxd3 14. Qxd3 Qb6 15.
Kg1 h4 16. Nd2 Qa6 17. Nf3 Bd7 18. Nxh4 b5 19. Ng6 Rfe8 20. b3 bxc4 21. bxc4
Qc8 22. Nh4 e4 23. Qb3 Rb8 24. Qc3 e3 25. Qc2 exf2+ 26. Kh1 Bd4 27. Bd2 Bxa1
28. Rxa1 Bb5 29. Qf5 Qxc4 30. Nxf2 Qd4 31. Qxg4 Qxa1+ 32. Qd1 Qxa2 33. Nh3 Be2
34. Qe1 Rb1 35. Ng1 Rxe1 36. Bxe1 g5 37. Nhf3 Bxf3 38. Nxf3 {Hossa resigns} 0-1

[Event "ICS Rated blitz match"]
[Site "207.99.83.229"]
[Date "1999.07.22"]
[Round "?"]
[White "Nicy"]
[Black "Hossa"]
[Result "0-1"]
[WhiteElo "2093"]
[BlackElo "2377"]
[PlyCount "118"]
[EventDate "1999.??.??"]

1. d4 d5 2. Nf3 Nf6 3. Bg5 Ne4 4. Bf4 c5 5. e3 Nc6 6. c3 Qb6 7. Qc2 cxd4 8.
exd4 Bg4 9. Nbd2 Bf5 10. Qb3 Qxb3 11. Nxb3 e6 12. Be2 O-O-O 13. O-O Bd6 14.
Bxd6 Rxd6 15. Nbd2 Nxd2 16. Nxd2 e5 17. dxe5 Nxe5 18. Nf3 Nxf3+ 19. Bxf3 Be4
20. Be2 Re6 21. Rfe1 Rhe8 22. Bg4 f5 23. Bh3 Kb8 24. f3 Bd3 25. Rxe6 Rxe6 26.
Rd1 Re3 27. f4 Be4 28. Rd2 Re1+ 29. Kf2 Rh1 30. Kg3 Ra1 31. a3 Re1 32. Kf2 Rh1
33. Kg3 Kc7 34. Rd4 h6 35. Rd2 g5 36. fxg5 hxg5 37. Rf2 g4 38. Bxg4 fxg4 39.
Kxg4 Rxh2 40. Kg3 Rh6 41. Kf4 Rg6 42. g4 Rf6+ 43. Ke3 Rxf2 44. Kxf2 Kd6 45. Ke3
Ke5 46. g5 b5 47. b3 Bc2 48. b4 Bb3 49. Kd3 Bc4+ 50. Ke3 Ba2 51. Kd3 Bb3 52.
Ke3 Bc4 53. g6 Kf6 54. Kd4 Kxg6 55. Kc5 Kf5 56. Kc6 Ke4 57. Kb7 Kd3 58. Kxa7
Kxc3 59. Kb6 59... Kb3 {Nicy resigns} 0-1

[Event "ICS Rated blitz match"]
[Site "207.99.83.229"]
[Date "1999.07.22"]
[Round "?"]
[White "Hossa"]
[Black "Platon"]
[Result "1-0"]
[WhiteElo "2382"]
[BlackElo "2315"]
[PlyCount "63"]
[EventDate "1999.??.??"]

1. d4 Nf6 2. c4 e6 3. Nc3 Bb4 4. Bg5 h6 5. Bh4 Bxc3+ 6. bxc3 Qe7 7. Bxf6 Qxf6
8. e4 O-O 9. Nf3 b6 10. Bd3 c5 11. O-O d6 12. e5 dxe5 13. Be4 exd4 14. Bxa8
dxc3 15. Rc1 Ba6 16. Qd3 Rd8 17. Qxc3 Qf4 18. Ne5 f6 19. Ng6 Qc7 20. Qh3 Qf7
21. Nf4 f5 22. Rfe1 Bc8 23. Qe3 Re8 24. Bd5 Kh7 25. Qe5 g5 26. Nxe6 Bxe6 27.
Bxe6 Rxe6 28. Qxe6 Qxe6 29. Rxe6 Na6 30. Rd1 Nb4 31. Rd7+ Kg8 32. Re8# {
Platon checkmated} 1-0

[Event "ICS Rated blitz match"]
[Site "207.99.83.229"]
[Date "1999.07.22"]
[Round "?"]
[White "Platon"]
[Black "Hossa"]
[Result "0-1"]
[WhiteElo "2302"]
[BlackElo "2395"]
[PlyCount "72"]
[EventDate "1999.??.??"]

1. c4 e5 2. Nc3 Nf6 3. g3 Bb4 4. Nd5 Bc5 5. Bg2 c6 6. Nxf6+ Qxf6 7. e3 d6 8. h3
Be6 9. b3 d5 10. d3 O-O 11. Bb2 Bb4+ 12. Kf1 dxc4 13. dxc4 Rd8 14. Qc1 Bd2 15.
Qd1 Bc3 16. Qc2 Rd2 17. Qxd2 Bxd2 18. Nf3 Bb4 19. Bxe5 Qe7 20. Kg1 Nd7 21. Bb2
Rd8 22. a3 Bd6 23. Kh2 Nc5 24. Nd4 Nd3 25. Nxe6 fxe6 26. Bd4 Nxf2 27. Rhf1 Qh4
28. Kg1 Nxh3+ 29. Bxh3 Qxg3+ 30. Bg2 Qh2+ 31. Kf2 Bg3+ 32. Kf3 Rf8+ 33. Ke2
Qxg2+ 34. Kd3 Rxf1 35. Rxf1 Qxf1+ 36. Ke4 36... Qf5# {Platon checkmated} 0-1

[Event "ICS Rated blitz match"]
[Site "207.99.83.229"]
[Date "1999.07.22"]
[Round "?"]
[White "Hossa"]
[Black "Platon"]
[Result "1-0"]
[WhiteElo "2407"]
[BlackElo "2290"]
[PlyCount "95"]
[EventDate "1999.??.??"]

1. d4 Nf6 2. c4 c5 3. d5 d6 4. Nc3 e5 5. e4 Be7 6. Bd3 O-O 7. Nge2 Na6 8. O-O
Rb8 9. f4 Nd7 10. Nb5 Ra8 11. fxe5 Nxe5 12. a3 Nc7 13. Nbc3 a6 14. b3 Rb8 15.
Rb1 b5 16. Bf4 Bf6 17. a4 bxc4 18. bxc4 Rb4 19. Qc2 Bg4 20. Bxe5 Bxe5 21. h3
Bd7 22. Rf3 Rxb1+ 23. Qxb1 Qb8 24. Qd1 Qb2 25. Bb1 Ne8 26. Qc2 Qxc2 27. Bxc2
Nf6 28. Rf1 Rb8 29. Rb1 Rxb1+ 30. Bxb1 Kf8 31. g4 h6 32. a5 Nh7 33. Kg2 Bf6 34.
e5 Bxe5 35. Bxh7 g6 36. Ne4 Kg7 37. Bxg6 Kxg6 38. N2g3 f5 39. gxf5+ Bxf5 40.
Nxf5 Kxf5 41. Kf3 h5 42. Nd2 Bf6 43. Nb3 Bd8 44. Ke3 Kg5 45. Kf3 Kh4 46. Kg2
Bc7 47. Nd2 Bxa5 48. Nf3# {Platon checkmated} 1-0

[Event "ICS Rated blitz match"]
[Site "207.99.83.229"]
[Date "1999.07.22"]
[Round "?"]
[White "Platon"]
[Black "Hossa"]
[Result "0-1"]
[WhiteElo "2280"]
[BlackElo "2433"]
[PlyCount "78"]
[EventDate "1999.??.??"]

1. c4 e5 2. Nc3 Nf6 3. e4 Nc6 4. h3 Bc5 5. g3 O-O 6. Bg2 d6 7. Nge2 Nd7 8. O-O
f5 9. d3 fxe4 10. Nxe4 Bb6 11. Be3 Nd4 12. Nxd4 exd4 13. Bf4 Rf5 14. Kh2 Nf8
15. b4 Ne6 16. Bd2 a5 17. a3 axb4 18. axb4 Rxa1 19. Qxa1 c6 20. Qa8 Rf8 21. f4
d5 22. cxd5 Nc7 23. Qb8 Nxd5 24. Ng5 Ne3 25. Bxe3 dxe3 26. Ne4 Qxd3 27. Qe5 Bd4
28. Qh5 Qb3 29. Ng5 Bf5 30. g4 Bg6 31. Qh4 Bd3 32. f5 h6 33. Rf4 hxg5 34. Qxg5
Bf6 35. Qg6 e2 36. g5 Be5 37. f6 Bxf4+ 38. Kg1 e1=Q+ 39. Bf1 39... Qxf1# {
Platon checkmated} 0-1

[Event "ICS Rated blitz match"]
[Site "207.99.83.229"]
[Date "1999.07.22"]
[Round "?"]
[White "Hossa"]
[Black "Platon"]
[Result "1-0"]
[WhiteElo "2442"]
[BlackElo "2271"]
[PlyCount "141"]
[EventDate "1999.??.??"]

1. d4 Nf6 2. c4 c5 3. d5 e5 4. Nc3 d6 5. e4 Be7 6. Bd3 O-O 7. Nge2 a6 8. O-O
Nbd7 9. b3 Rb8 10. f3 Ne8 11. f4 exf4 12. Bxf4 Bf6 13. Qc2 Ne5 14. Rae1 Qe7 15.
Rf2 Bd7 16. Ref1 b5 17. a3 bxc4 18. Bxc4 Nxc4 19. bxc4 Be5 20. Bxe5 Qxe5 21.
Qd2 Nf6 22. Qf4 Qxf4 23. Nxf4 Rb3 24. Rf3 Rxa3 25. Rg3 Kh8 26. Rb1 Ng4 27. Nce2
Rxg3 28. Nxg3 Ne5 29. Rb6 Nxc4 30. Rxa6 Rb8 31. h4 g6 32. Ra7 Be8 33. Kf2 Ne5
34. Ra6 Rd8 35. Ra7 c4 36. Nge2 Kg7 37. Ne6+ Kf6 38. Nxd8 h5 39. Nb7 Ng4+ 40.
Kf1 Ke5 41. Ra6 Nf6 42. Nxd6 Nxe4 43. Nxe8 Kxd5 44. Nf6+ Ke5 45. Nxe4 Kxe4 46.
Rf6 Ke5 47. Rxf7 Ke6 48. Rc7 Kf6 49. Rxc4 Kf5 50. g4+ Kf6 51. Rc6+ Kg7 52. Nf4
hxg4 53. Rxg6+ Kh7 54. Rxg4 Kh6 55. Rg7 Kxg7 56. h5 Kh6 57. Kf2 Kg5 58. Kf3 Kh6
59. Kg4 Kg7 60. Kg5 Kh7 61. Ne6 Kg8 62. Kg6 Kh8 63. h6 Kg8 64. Ng5 Kf8 65. h7
Ke7 66. h8=Q Kd6 67. Qc3 Kd5 68. Kf6 Kd6 69. Qc4 Kd7 70. Nf7 Ke8 71. Qc8# {
Platon checkmated} 1-0

[Event "ICS Rated blitz match"]
[Site "207.99.83.229"]
[Date "1999.07.22"]
[Round "?"]
[White "Platon"]
[Black "Hossa"]
[Result "0-1"]
[WhiteElo "2262"]
[BlackElo "2451"]
[PlyCount "88"]
[EventDate "1999.??.??"]

1. c4 e5 2. Nc3 Nf6 3. Nf3 Nc6 4. d3 Bb4 5. Bd2 O-O 6. g3 d5 7. cxd5 Nxd5 8.
Bg2 Bg4 9. O-O Nxc3 10. bxc3 Be7 11. Rb1 Rb8 12. h3 Be6 13. Qa4 Qd7 14. Kh2 a6
15. Ng5 Bxg5 16. Bxg5 Qd6 17. Bc1 Rfd8 18. Ba3 Qd7 19. Rb2 Bd5 20. Bxd5 Qxd5
21. Qb3 Qd7 22. Rfb1 Qf5 23. Kg2 e4 24. d4 b5 25. Bc5 Na5 26. Qd1 Nc4 27. Rc2
e3 28. f3 Nd2 29. Ra1 Rd7 30. Rxd2 exd2 31. e4 Qh5 32. Bb4 Qg5 33. f4 Qg6 34.
Kf3 Re8 35. f5 Qh5+ 36. Kf4 Qxh3 37. Qf3 Qh6+ 38. Kg4 Rdd8 39. Qf4 Qh2 40. Rd1
Qe2+ 41. Kh3 Qxd1 42. Qe3 Qh1+ 43. Kg4 d1=Q+ 44. Kf4 44... Qh6# {
Platon checkmated} 0-1

[Event "ICS rated blitz match"]
[Site "207.99.83.229"]
[Date "1999.07.22"]
[Round "?"]
[White "Platon"]
[Black "Hossa"]
[Result "0-1"]
[WhiteElo "2246"]
[BlackElo "2467"]
[PlyCount "27"]
[EventDate "1999.??.??"]

1. e4 Nf6 2. Nc3 d5 3. e5 d4 4. exf6 dxc3 5. fxg7 cxd2+ 6. Qxd2 Qxd2+ 7. Bxd2
Bxg7 8. O-O-O Nc6 9. a3 Bf5 10. Nf3 O-O-O 11. Bb5 Be4 12. Rhe1 Bxf3 13. gxf3
Nd4 14. Bc3 {Platon resigns} 0-1

[Event "ICS rated blitz match"]
[Site "207.99.83.229"]
[Date "1999.07.22"]
[Round "?"]
[White "Platon"]
[Black "Hossa"]
[Result "0-1"]
[WhiteElo "2239"]
[BlackElo "2474"]
[PlyCount "106"]
[EventDate "1999.??.??"]

1. d4 d5 2. f4 Nf6 3. Nf3 Bd7 4. e3 c5 5. c3 e6 6. Bd3 Bd6 7. O-O O-O 8. Ne5
Be8 9. Nd2 Nc6 10. Ndf3 Ne4 11. Nxc6 Bxc6 12. Bxe4 dxe4 13. Ne5 Bb5 14. Re1 Qh4
15. Bd2 Rad8 16. Qg4 Qxg4 17. Nxg4 Be7 18. Rac1 Bh4 19. g3 Be7 20. b3 f6 21. h4
Bd7 22. Nf2 f5 23. c4 cxd4 24. exd4 Rf6 25. Be3 Rg6 26. Kh2 Bb4 27. Red1 Bc6
28. Rc2 Rd6 29. Rdc1 Ba3 30. Rb1 Rf6 31. Nd1 Rh6 32. Nc3 Rd8 33. Nb5 Bxb5 34.
cxb5 Bd6 35. Rbc1 g5 36. fxg5 Rxh4+ 37. Kg2 Rg4 38. Bf2 Rxg5 39. Rc8 Rxc8 40.
Rxc8+ Kf7 41. Rd8 Bxg3 42. Bxg3 f4 43. Rd7+ Kf6 44. Rxb7 Rxg3+ 45. Kf2 e3+ 46.
Ke2 Rg2+ 47. Ke1 f3 48. Kd1 Rd2+ 49. Ke1 f2+ 50. Kf1 Rd1+ 51. Ke2 f1=Q+ 52.
Kxe3 Rd3+ 53. Ke4 53... Qf3# {Platon checkmated} 0-1

[Event "ICS rated blitz match"]
[Site "207.99.83.229"]
[Date "1999.07.22"]
[Round "?"]
[White "Hossa"]
[Black "Platon"]
[Result "1-0"]
[WhiteElo "2481"]
[BlackElo "2232"]
[PlyCount "113"]
[EventDate "1999.??.??"]

1. d4 e6 2. c4 c5 3. e3 b6 4. Bd3 Bb7 5. Nf3 Nf6 6. O-O d6 7. Nbd2 Nbd7 8. Ng5
h6 9. Nge4 Be7 10. Nxf6+ Nxf6 11. Qa4+ Qd7 12. Qxd7+ Nxd7 13. b3 Bf6 14. Ne4
Ke7 15. Ba3 Bxe4 16. Bxe4 Rac8 17. Rad1 e5 18. dxe5 dxe5 19. Bd5 Rhd8 20. e4
Nf8 21. f4 Ne6 22. fxe5 Bxe5 23. Kh1 f6 24. Bb7 Rxd1 25. Rxd1 Rd8 26. Rxd8 Kxd8
27. Bd5 Nd4 28. Bb2 Ke7 29. g3 Kd6 30. Bc1 Nc2 31. Bd2 g5 32. Bf7 Bd4 33. Kg2
Ke5 34. Kf3 Bg1 35. Bg6 Bd4 36. h3 Na3 37. g4 Nb1 38. Be1 Na3 39. Bg3+ Ke6 40.
Bf5+ Ke7 41. Bb8 Nc2 42. Bxa7 Nb4 43. a4 Nc6 44. Bxb6 Ne5+ 45. Ke2 Kd6 46. a5
Nc6 47. a6 Bc3 48. a7 Nxa7 49. Bxa7 Bb4 50. Bb8+ Kc6 51. e5 Kb7 52. e6 Kxb8 53.
e7 Kc7 54. e8=Q Kb6 55. Qd7 Ka6 56. Qe7 Ka5 57. Qa7# {Platon checkmated} 1-0

[Event "ICS rated blitz match"]
[Site "207.99.83.229"]
[Date "1999.07.22"]
[Round "?"]
[White "Hossa"]
[Black "Yeldnuh"]
[Result "0-1"]
[WhiteElo "2493"]
[BlackElo "2422"]
[PlyCount "130"]
[EventDate "1999.??.??"]

1. d4 d5 2. c4 c6 3. Nc3 Nf6 4. cxd5 cxd5 5. f3 Nc6 6. e4 dxe4 7. d5 Ne5 8.
fxe4 e6 9. Bf4 Bd6 10. Bb5+ Bd7 11. Qd4 Bxb5 12. Bxe5 Bxe5 13. Qxe5 Bd7 14.
Nge2 O-O 15. O-O exd5 16. exd5 Re8 17. Qd4 Bb5 18. Nxb5 Rxe2 19. d6 Qa5 20. Nc7
Rd2 21. Rf5 Qxf5 22. Qxd2 Qc5+ 23. Qf2 Qxf2+ 24. Kxf2 Rd8 25. Rc1 h5 26. Kf3
Rxd6 27. Nb5 Rd2 28. Nxa7 Rxb2 29. Rc7 h4 30. h3 g6 31. a4 Rb3+ 32. Kf2 Ne4+
33. Kf1 Rb1+ 34. Ke2 Rb2+ 35. Kf1 Kg7 36. Nc8 Ng3+ 37. Kg1 Nf5 38. Rc3 Kf6 39.
Kh2 Rb1 40. Rf3 Ke6 41. Rf4 g5 42. Rxf5 Kxf5 43. Nd6+ Ke6 44. Ne4 f6 45. Nc5+
Ke7 46. Ne4 Rc1 47. a5 Ke6 48. g4 Rc2+ 49. Kg1 Ke5 50. Nf2 Kf4 51. Kf1 Kg3 52.
Nd1 Rc1 53. Ke2 Rxd1 54. Kxd1 Kxh3 55. Ke2 Kxg4 56. Kf2 h3 57. Kg1 Kf3 58. Kh1
g4 59. a6 bxa6 60. Kh2 g3+ 61. Kxh3 g2 62. Kh2 Kf2 63. Kh3 g1=Q 64. Kh4 Qg5+
65. Kh3 65... Qg3# {Hossa checkmated} 0-1

[Event "ICS rated blitz match"]
[Site "207.99.83.229"]
[Date "1999.07.22"]
[Round "?"]
[White "Yeldnuh"]
[Black "Hossa"]
[Result "1-0"]
[WhiteElo "2441"]
[BlackElo "2474"]
[PlyCount "60"]
[EventDate "1999.??.??"]

1. d4 d5 2. c4 e6 3. Nc3 Nf6 4. cxd5 exd5 5. Bg5 c6 6. e3 Be7 7. Bd3 Bg4 8.
Nge2 O-O 9. Qc2 Bxe2 10. Qxe2 Ne4 11. Bxe7 Qxe7 12. O-O f5 13. f3 Nd6 14. e4
fxe4 15. fxe4 dxe4 16. Rxf8+ Qxf8 17. Nxe4 Nd7 18. Rf1 Qb8 19. Ng5 Nf8 20. Bc4+
Kh8 21. Qh5 h6 22. Rxf8+ Qxf8 23. Qg6 Qf5 24. Nf7+ Nxf7 25. Qxf5 Nd6 26. Qe6
Nxc4 27. Qxc4 Rf8 28. Qb3 Rf4 29. Qxb7 Rxd4 30. Qxc6 30... Kh7 {Hossa resigns}
1-0

[Event "ICS rated blitz match"]
[Site "207.99.83.229"]
[Date "1999.07.22"]
[Round "?"]
[White "Hossa"]
[Black "Yeldnuh"]
[Result "0-1"]
[WhiteElo "2456"]
[BlackElo "2459"]
[PlyCount "114"]
[EventDate "1999.??.??"]

1. d4 d5 2. c4 e6 3. Nc3 Nf6 4. cxd5 exd5 5. Bg5 Be7 6. e3 c6 7. Nf3 Bf5 8. Bd3
Bxd3 9. Qxd3 Nbd7 10. O-O O-O 11. Rfe1 Re8 12. Qf5 Ne4 13. Nxe4 dxe4 14. Bxe7
Qxe7 15. Ng5 g6 16. Qf4 Nb6 17. Qh4 f6 18. Nh3 Rad8 19. Nf4 f5 20. Qh6 Rd6 21.
Ne2 Red8 22. Rac1 Nd5 23. a3 g5 24. Qh3 f4 25. exf4 gxf4 26. Kh1 Rg6 27. Ng1
Qg5 28. Rc2 Rh6 29. Qb3 f3 30. g3 Qh5 31. h3 Qg4 32. Kh2 Kh8 33. Qc4 Nf4 34.
Qf1 Rxd4 35. gxf4 Qxf4+ 36. Kh1 Rg6 37. Rc5 Rg2 38. Qxg2 fxg2+ 39. Kxg2 Rd2 40.
Rf1 Rxb2 41. Ra5 e3 42. Nf3 e2 43. Rg1 Rb3 44. Ne1 b6 45. Rh5 Qf6 46. h4 h6 47.
Kh1 Qe6 48. Rxh6+ Qxh6 49. f3 Qxh4+ 50. Kg2 Rb1 51. Rh1 Qxh1+ 52. Kxh1 Rxe1+
53. Kg2 Rf1 54. Kg3 e1=Q+ 55. Kg4 Qe5 56. a4 Rg1+ 57. Kh3 57... Qg3# {
Hossa checkmated} 0-1